000 01304nam0a2200325 i 4500
001 RU\NLR\bibl\2020177
005 20241103111245.0
010 _a9785918771129
_9100
021 _aRU
_b2013-21139
_91492
035 _a(nilc)RuMoRGB-006552256
035 _a(NLR Aleph) 002008451
090 _a4442421
_c4442421
100 _a20131026d2012 u||y0rusy50 ca
101 0 _arus
102 _aRU
105 _aa |||||||||
200 1 _aОсновы теории кодирования
_eучебник по спецкурсу для студентов физико-математического факультета
_fЮ. А. Еловикова
210 _aБрянск
_cДесяточка
_d2012
215 _a62 с.
_cил., табл.
_d21
320 _aБиблиогр.: с. 59 (14 назв.)
606 _aКодирования теория
_jУчебники для высших учебных заведений
_91326957
_3RU\NLR\AUTH\66551607
686 1 _aЗ811.4я73-1
700 1 _aЕловикова
_bЮ.А.
_gЮлия Александровна
_4070
801 0 _aRU
_bRuMoRKP
_c20130325
_gRCR
801 2 _aRU
_bРГБ
_c20130409
_grcr
801 1 _aRU
_bRuMoRKP
_c20130325
_2rusmarc
801 2 _aRU
_bNLR
_c20130405
_grcr
942 _cBOOK
980 _aNBR